000 00253nam a2200109Ia 4500
008 221009s9999 xx 000 0 und d
082 _a841/HET
100 _aHugo, Victor
_919598
245 0 _aLegende Des Siecles
260 _bJ Hetzel & co
942 _cBK
999 _c64566
_d64566